000 00419nam a22001697a 4500
005 20180720145147.0
008 160614b xxu||||| |||| 00| 0 eng d
020 _a0-07-058115-0
041 _aeng
082 _b7449
_a658.3
100 _aMcshane, Steven L & Gliver, Marry Ann von
_94598
245 _aOrganization Behavior
260 _bTMH
_anew delhi
300 _a595p,
650 _aManagement
_9241
942 _cBK
999 _c2654
_d2653